00949nam a2200277 a 450000100100000000500170001000800410002702000150006804000250008308200200010810000300012824500880015826000280024630000270027449000210030150000210032265000310034365000310037465000280040565000310043370000350046483000280049904900090052795201180053699900170065400002331220200930022130.0101202s1997 sp a r 000 | spa d a8476301308 aDO-SdBNPbspacBNPHU a615.321bL322 c1 aLargo, Raimundo J.94800313aLa curación con plantas y arbustos /cRaimundo J. Largo y Francisco Ruiz de Sola. aMadrid :bLIBSA,c1997. a64 p. :bil. ;c27 cm.1 aMedicina natural aIncluye glosario 4aPlantas medicinales921554 4aMedicina empírica948004 4aMedicina popular912480 4aMedicina preventiva9200411 aRuiz de Sola, Francisco948005 0aMedicina natural948006 aBNGR 001050718MOaGRbGRcCTd2010-12-02iLF1l0o615.321 L322 cp23312-10r2020-06-25w2020-06-25y1ZNo se presta c22809d22809